[Event "TUR-ch Seniors 65"]
[Site "Ankara"]
[Date "2023.05.22"]
[Round "4"]
[White "Kayaman, Metin"]
[Black "Cicek, Cemil"]
[Result "0-1"]
[WhiteElo "1438"]
[BlackElo "1925"]
[PlyCount "29"]
[EventDate "2023.05.19"]
[EventType "swiss"]
[EventRounds "9"]
[EventCountry "TUR"]
[SourceTitle "CBM 214 Extra"]
[Source "ChessBase"]
[SourceDate "2023.07.31"]
[SourceVersion "1"]
[SourceVersionDate "2023.07.31"]
[SourceQuality "1"]

1. c4 Nf6 2. Nc3 c5 3. g3 Nc6 4. Bg2 a6 5. Nf3 e6 6. d4 cxd4 7. Nxd4 Bc5 8. Nb3 Ba7 9. 0-0 d6 10. Bf4 Bb8 11. Qd2 Ne5 12. Rfd1 Nxc4 13. Qd4 d5 14. Bxb8 Rxb8 15. e4 0-1

[Event "TUR-ch Seniors 65"]
[Site "Ankara"]
[Date "2023.05.21"]
[Round "3"]
[White "Cicek, Cemil"]
[Black "Bagci, Hikmet"]
[Result "1-0"]
[WhiteElo "1925"]
[BlackElo "1565"]
[PlyCount "117"]
[EventDate "2023.05.19"]
[EventType "swiss"]
[EventRounds "9"]
[EventCountry "TUR"]
[SourceTitle "CBM 214 Extra"]
[Source "ChessBase"]
[SourceDate "2023.07.31"]
[SourceVersion "1"]
[SourceVersionDate "2023.07.31"]
[SourceQuality "1"]

1. d4 Nf6 2. Nf3 e6 3. c4 b6 4. Nc3 Bb7 5. Bg5 d5 6. cxd5 exd5 7. e3 Nbd7 8. Bd3 Be7 9. 0-0 0-0 10. Rc1 a6 11. a3 Rc8 12. Bf5 h6 13. Bh4 g6 14. Bb1 Re8 15. b4 Kg7 16. Qb3 b5 17. a4 c6 18. Rfe1 Nb6 19. Ne5 Nc4 20. f4 Qd6 21. Na2 Nd2 22. Qd1 Nxb1 23. Rxb1 Ne4 24. Bf2 Rc7 25. Qc2 f6 26. Nd3 Bc8 27. Nc5 f5 28. Nd3 Bd8 29. Ne5 Re6 30. Nc3 Rb7 31. axb5 axb5 32. Nxe4 fxe4 33. Rec1 Rb6 34. Bg3 Qe7 35. Qc3 Bb7 36. Ra1 Bc7 37. Ng4 h5 38. Ne5 Bd6 39. Rcb1 Qc7 40. h3 Re8 41. Rf1 Rf8 42. Qd2 Ra6 43. Rxa6 Bxa6 44. Rc1 Bb7 45. Qc3 Ra8 46. Be1 Ra6 47. Qc2 Qc8 48. Qe2 Qe6 49. Qb2 Qc8 50. Ra1 Qa8 51. Rxa6 Qxa6 52. Kh2 Qa8 53. Qf2 Qe8 54. g4 Bxe5 55. dxe5 hxg4 56. hxg4 Qh8+ 57. Kg2 Bc8 58. Bc3 Kf7 59. e6+ 1-0

[Event "Wch Seniors 65 28th"]
[Site "Bled"]
[Date "2018.11.22"]
[Round "5"]
[White "Kratschmer, Heinz"]
[Black "Cicek, Cemil"]
[Result "1/2-1/2"]
[WhiteElo "2035"]
[BlackElo "1775"]
[PlyCount "95"]
[EventDate "2018.11.18"]
[EventType "swiss"]
[EventRounds "11"]
[EventCountry "SLO"]
[SourceTitle "CBM 187 Extra"]
[Source "ChessBase"]
[SourceDate "2018.11.04"]
[SourceVersion "1"]
[SourceVersionDate "2018.11.04"]
[SourceQuality "1"]

1. d4 d5 2. c4 e6 3. Nf3 Nf6 4. Nc3 b6 5. Bg5 Be7 6. e3 0-0 7. Qc2 Bb7 8. cxd5 Nxd5 9. Nxd5 Bxd5 10. Bxe7 Qxe7 11. Bd3 h6 12. e4 Bb7 13. 0-0 Na6 14. a3 c5 15. Qe2 Nc7 16. dxc5 Qxc5 17. Rac1 Qe7 18. Ne5 Rfc8 19. f4 Ne8 20. Kh1 Nf6 21. Nc4 Rc7 22. Rfd1 Rd8 23. e5 Ne8 24. Nd2 Rcd7 25. Ne4 g6 26. Bc2 Kg7 27. Rxd7 Rxd7 28. Rd1 Bxe4 29. Bxe4 Rxd1+ 30. Qxd1 Qc5 31. Qd2 Qc4 32. Bd3 Qd4 33. g3 Nc7 34. Qe2 Nd5 35. Kg2 h5 36. Kf3 h4 37. Be4 hxg3 38. hxg3 Ne7 39. g4 g5 40. Qh2 Qd1+ 41. Qe2 Qb3+ 42. Bd3 gxf4 43. Kxf4 Qa4+ 44. Kg3 Nd5 45. Qd2 Qd4 46. Qg5+ Kf8 47. Qd8+ Kg7 48. Qg5+ 1/2-1/2

[Event "Wch Seniors 65 28th"]
[Site "Bled"]
[Date "2018.11.21"]
[Round "4"]
[White "Cicek, Cemil"]
[Black "Privara, Igor"]
[Result "0-1"]
[WhiteElo "1775"]
[BlackElo "2207"]
[PlyCount "86"]
[EventDate "2018.11.18"]
[EventType "swiss"]
[EventRounds "11"]
[EventCountry "SLO"]
[SourceTitle "CBM 187 Extra"]
[Source "ChessBase"]
[SourceDate "2018.11.04"]
[SourceVersion "1"]
[SourceVersionDate "2018.11.04"]
[SourceQuality "1"]

1. d4 d5 2. c4 e6 3. Nc3 c5 4. cxd5 exd5 5. Nf3 Nc6 6. e3 Nf6 7. Be2 Bd6 8. 0-0 0-0 9. Nb5 Be7 10. b3 Ne4 11. Bb2 a6 12. Nc3 cxd4 13. Nxe4 dxe4 14. Nxd4 Nxd4 15. Qxd4 Qxd4 16. Bxd4 Be6 17. Bb2 Rfd8 18. Rfd1 b5 19. Kf1 f5 20. h3 Kf7 21. Rxd8 Rxd8 22. Rd1 Rxd1+ 23. Bxd1 b4 24. Bd4 a5 25. Ke2 Bf6 26. Bb6 a4 27. bxa4 Bxa2 28. Bd4 b3 29. Bxf6 Kxf6 30. Kd2 b2 31. Bc2 b1Q 32. Bxb1 Bxb1 33. Kc3 Ke6 34. Kd4 Kd6 35. a5 Bd3 36. f3 exf3 37. gxf3 Be2 38. f4 Ba6 39. h4 g6 40. e4 fxe4 41. Kxe4 Ke6 42. h5 Bb7+ 43. Ke3 Kf5 0-1